000 01152nam a2200289Ia 4500
003 OSt
005 20221007123343.0
006 a|||||r|||| 00| 0
007 ta
008 221006b |||||||| |||| 00| 0 eng d
020 _a8178670712 (hbd)
_cRs.750.00
024 _a9033
037 _bAffiliated,
_cTextual
040 _aPAPL
_cPAPL
_beng
041 _2eng
_aeng
082 _aB0bC, M5;P1
100 _aArfken George B
_9393526
245 0 _aMathematical methods for physicists by George B Arfken and Hans J Weber
_b Weber Hans J
250 _aEd 5
260 _aNew
_bDelhi Harcourt (India)Private Limited
_c2001
300 _axiv, 1112p
_ccm.
500 _aAppendix 1-2, 1085-1096; Index 1097-1112p; Answers booklet included (32p); ^n23/CSL/CARPA/2001-2002/564^d2001-11-23^mPurchase; ; 2001-2002/398^b2001-12-27^cD-22402^d2001-12-12^eRs.675.00^fAffiliated East-Weat Press Pvt. Ltd.; ; 2002-03-25^bSB^c2002-04-18^dRPS
650 _aMathematics irt Physics
_9713448
700 _a Weber Hans J
_9393527
942 _hB0bC, M5;P1
_cTEXL
_2CC
999 _c1211734
_d1211734